1621 1879 1147 1422 1237 1603 1832 1340 1556 1646 1048 1770 1849 1931 1485 1735 1728 1509 1766 1776 1775 1589 1259 1911 1864 1951 1681 1410 1805 1294 1895 1396 1643 1496 1835 1410 1650 1215 1927 1726 1684 1702 1398 1895 1452 1492 1218 1968 1793 1268 1736 1237 1677 1296 1579 1394 1700 1627 1208 1300 1710 1006 1681 1789 1438 1101 1736 1560 1791 1015 1879 1631 1506 1676 1779 1374 1769 1417 1354 1923 1263 1967 1362 1411 1382 1522 1837 1841 1411 1055 1493 1678 1810 1711 1300 1957 1656 1562 1449 BCNSPRNW ULIB Ver.6.0+V

เปลี่ยนเป็นภาษาไทย

Change to English
 แสดงรายละเอียดบรรณานุกรม
  กลับหน้าหลัก

Brief Record : Get Marc (ISO 2709) : E-mail record : QR code < ปิดหน้าต่าง
LEADER : 00000nam 2200000uu 4500
001    13399112493
003     ULIB
008    110627s2552||||th 000 0 tha d
020    9786160600205
090    นว.^bช527พ 2552
100 0  ชาลีน
245 00 พันธะสองหัวใจ/^cชาลีน
250    พิมพ์ครั้งที่ 2
260    กรุงเทพฯ :^bแจ่มใส,^c2552
300    389 หน้า
710 1  แจ่มใส
945    ^p229^l0^i026735
995    ทศพร
999 ^a ใช้งานได้ทุกระบบ
รายการนี้ยังไม่มีแท็ก
คุณยังไม่ได้ล็อกอิน คุณสามารถมีกิจกรรมร่วมกับเว็บไซต์ได้ แต่ต้องล็อกอินก่อน ::
  ล็อกอิน

รายการสื่อสารสนเทศ

ลำดับที่ ประเภท เลขเรียก/บาร์โค้ด สถานที่ สถานะ
- ไม่พบข้อมูล -

BibComment


ยังไม่เคยถูกคอมเมนท์

คอมเมนท์ทรัพยากรรายการนี้
  คอมเมนท์: พันธะสองหัวใจ ชาลีน


 Copyright 2026. Bcnsprnw @Library